000 00515nam a22001817a 4500
005 20250907101033.0
008 250907b |||||||| |||| 00| 0 eng d
020 _a978 1 111 42579 1
050 _aTK 1005.G555 2012
100 _aGLOVER DUNCAN
245 _aPOWER SYSTEM ANALYSIS AND DESIGN
250 _a5TH ED.
260 _aAUSTRALIA
_bCENGAGE
_c2012
300 _aXX,828P.
500 _aINCLUDES AN INDEX
650 _aElectric power systems--Design and construction--Data processing
942 _2lcc
_cBK
999 _c216073
_d216073